Nghiên cứu bảo quản Pu-Rê và sử dụng hiệu quả cho quá trình chế biến sản phẩm nước ép từ trái Thanh Trà (Bouea macrophylla Griffth) : Luận văn tốt nghiệp cao học ngành: Công nghệ Thực phẩm
Nội dung luận văn giới thiệu cơ sở lý luận và phương pháp nghiên cứu. Nghiên cứu bảo quản Pu-Rê và sử dụng hiệu quả cho quá trình chế biến sản phẩm nước ép từ trái Thanh Trà (Bouea macrophylla Griffth). Kết luận và kiến nghị....
Gardado en:
| Autor Principal: | |
|---|---|
| Formato: | Libro |
| Idioma: | Undetermined |
| Publicado: |
Cần Thơ
Trường Đại học Cần Thơ
2018
|
| Những chủ đề: | |
| Các nhãn: |
Engadir etiqueta
Sen Etiquetas, Sexa o primeiro en etiquetar este rexistro!
|
| Thư viện lưu trữ: | Trung tâm Học liệu Trường Đại học Cần Thơ |
|---|
| LEADER | 01292nam a2200229Ia 4500 | ||
|---|---|---|---|
| 001 | CTU_228224 | ||
| 008 | 210402s9999 xx 000 0 und d | ||
| 082 | |a 664.8 | ||
| 082 | |b Nh550 | ||
| 088 | |a 8540101 | ||
| 100 | |a Nguyễn, Thị Huỳnh Như | ||
| 245 | 0 | |a Nghiên cứu bảo quản Pu-Rê và sử dụng hiệu quả cho quá trình chế biến sản phẩm nước ép từ trái Thanh Trà (Bouea macrophylla Griffth) : | |
| 245 | 0 | |b Luận văn tốt nghiệp cao học ngành: Công nghệ Thực phẩm | |
| 245 | 0 | |c Nguyễn Thị Huỳnh Như ; Nguyễn Minh Thủy (cán bộ hướng dẫn) | |
| 260 | |a Cần Thơ | ||
| 260 | |b Trường Đại học Cần Thơ | ||
| 260 | |c 2018 | ||
| 520 | |a Nội dung luận văn giới thiệu cơ sở lý luận và phương pháp nghiên cứu. Nghiên cứu bảo quản Pu-Rê và sử dụng hiệu quả cho quá trình chế biến sản phẩm nước ép từ trái Thanh Trà (Bouea macrophylla Griffth). Kết luận và kiến nghị. | ||
| 650 | |a Trái cây,Fruit | ||
| 650 | |x Chế biến,Processing | ||
| 910 | |b dqhieu | ||
| 980 | |a Trung tâm Học liệu Trường Đại học Cần Thơ | ||